Départements français n°4 - Statistiques

Statistiques générales
  • Ce quiz a été pris 94 fois
  • Le résultat moyen est 13 sur 15
Statistiques - réponses
Numéros Départements % Correct
2A Corse-du-Sud
99%
03 Allier
98%
45 Loiret
95%
59 Nord
94%
16 Charente
93%
29 Finistère
93%
07 Ardèche
90%
74 Haute-savoie
89%
35 Ille-et-Vilaine
89%
40 Landes
89%
86 Vienne
88%
78 Yvelines
88%
36 Indre
85%
64 Pyrénées-Atlantiques
81%
55 Meuse
78%
Aucun quiz correspondant
Distribution des résultats
% des personnes avec chaque résultat
Percentile par nombre de réponses
Votre historique - résultats
Vous n’avez pas pris ce quiz